[Event "Oberliga Bayern 0910"]
[Site "Bayern"]
[Date "2010.02.07"]
[Round "6.6"]
[White "Kuhn, Norbert"]
[Black "Wimmer, Herbert"]
[Result "1/2-1/2"]
[WhiteElo "2049"]
[BlackElo "2089"]
[PlyCount "69"]
[EventDate "2009.10.18"]
[EventType "team-tourn"]
[EventRounds "9"]
[EventCountry "GER"]
[SourceTitle "EXT 2011"]
[Source "ChessBase"]
[SourceDate "2010.11.26"]
[SourceVersion "1"]
[SourceVersionDate "2010.11.26"]
[SourceQuality "1"]
[WhiteTeam "Wuerzburg"]
[BlackTeam "Pang/Rosenheim"]
[WhiteTeamCountry "GER"]
[BlackTeamCountry "GER"]

1. e4 e5 2. d4 exd4 3. Nf3 d6 4. Nxd4 Nf6 5. Nc3 Be7 6. Be2 0-0 7. 0-0 d5 8. exd5 Nxd5 9. Nxd5 Qxd5 10. Bf3 Qd8 11. c3 c5 12. Nb5 Qb6 13. Qe2 Be6 14. Bf4 Na6 15. c4 Rac8 16. a4 Nb4 17. Nc7 Bd6 18. Nxe6 Rfe8 19. Qd2 Rxe6 20. Bg4 Bxf4 21. Qxf4 Rf6 22. Qxf6 Qxf6 23. Bxc8 Qc6 24. Bg4 Nc2 25. Bf3 Qb6 26. Rab1 Qb3 27. Bd5 Qxa4 28. Bxb7 Qxc4 29. Rbc1 Qb4 30. Rxc2 Qxb7 31. g3 g6 32. Re1 Qd5 33. Rec1 Qd4 34. Rxc5 Qxb2 35. R5c2 1/2-1/2

[Event "Oberliga Bayern 0910"]
[Site "Bayern"]
[Date "2009.12.13"]
[Round "4.8"]
[White "Bildt, Thomas"]
[Black "Wimmer, Herbert"]
[Result "0-1"]
[WhiteElo "1944"]
[BlackElo "2089"]
[PlyCount "132"]
[EventDate "2009.10.18"]
[EventType "team-tourn"]
[EventRounds "9"]
[EventCountry "GER"]
[SourceTitle "EXT 2011"]
[Source "ChessBase"]
[SourceDate "2010.11.26"]
[SourceVersion "1"]
[SourceVersionDate "2010.11.26"]
[SourceQuality "1"]
[WhiteTeam "Zirndorf"]
[BlackTeam "Pang/Rosenheim"]
[WhiteTeamCountry "GER"]
[BlackTeamCountry "GER"]

1. e4 e5 2. Nf3 Nc6 3. Bb5 a6 4. Bxc6 dxc6 5. d4 exd4 6. Qxd4 Qxd4 7. Nxd4 Nf6 8. f3 Bc5 9. Be3 0-0 10. Nd2 Bd7 11. N2b3 Ba7 12. Kf2 Ne8 13. Rad1 Nd6 14. Ne2 Bxe3+ 15. Kxe3 Rae8 16. Nc5 Bc8 17. Kf2 f5 18. exf5 Rxf5 19. Nd3 Ne4+ 20. Ke1 Nd6 21. Kf2 Ne4+ 22. Ke1 Nf6 23. Kd2 c5 24. c4 Rg5 25. g4 Nd7 26. Nef4 Ne5 27. Nxe5 Rgxe5 28. Rhe1 Rxe1 29. Rxe1 Rd8+ 30. Kc3 Rf8 31. Nd3 Rxf3 32. Re8+ Rf8 33. Rxf8+ Kxf8 34. g5 b6 35. Ne5 Ke7 36. Kd3 Bf5+ 37. Ke3 Ke6 38. Kf4 Bb1 39. a3 b5 40. h4 g6 41. cxb5 axb5 42. Ng4 c4 43. Ke3 c5 44. Nf2 Kf5 45. Kf3 Bc2 46. Ke3 Bb1 47. Nd1 Be4 48. Nc3 Bc6 49. Ne2 Kg4 50. Nf4 Kxh4 51. Ne6 Kg4 52. Nxc5 Kxg5 53. Ne6+ Kf6 54. Nd4 Bd7 55. Kf4 h5 56. Nf3 Bf5 57. Ng5 h4 58. Nf3 h3 59. Kg3 g5 60. Nd2 g4 61. a4 c3 62. bxc3 bxa4 63. Nc4 Be6 64. Na3 Ke5 65. Nb5 Bc4 66. Na3 Bd3 0-1

[Event "Oberliga Bayern 0910"]
[Site "Bayern"]
[Date "2009.11.15"]
[Round "2.7"]
[White "Wimmer, Herbert"]
[Black "Darr, Thomas"]
[Result "1/2-1/2"]
[WhiteElo "2089"]
[BlackElo "2030"]
[PlyCount "92"]
[EventDate "2009.10.18"]
[EventType "team-tourn"]
[EventRounds "9"]
[EventCountry "GER"]
[SourceTitle "EXT 2011"]
[Source "ChessBase"]
[SourceDate "2010.11.26"]
[SourceVersion "1"]
[SourceVersionDate "2010.11.26"]
[SourceQuality "1"]
[WhiteTeam "Pang/Rosenheim"]
[BlackTeam "Dillingen"]
[WhiteTeamCountry "GER"]
[BlackTeamCountry "GER"]

1. d4 Nf6 2. Nf3 c5 3. c3 b6 4. Bf4 Bb7 5. e3 d6 6. h3 e6 7. Nbd2 Be7 8. Bd3 0-0 9. Qe2 cxd4 10. exd4 Nbd7 11. 0-0 Re8 12. Rfe1 Nf8 13. Rad1 Ng6 14. Bh2 Nd5 15. Bb5 Rf8 16. Ne4 a6 17. Ba4 b5 18. Bc2 Nb6 19. h4 Bxe4 20. Qxe4 d5 21. Qg4 Nxh4 22. Nxh4 Bxh4 23. Re3 g6 24. Rh3 Bf6 25. Rdd3 Re8 26. Rdg3 Nd7 27. Rxh7 Nf8 28. Rhh3 e5 29. dxe5 Rxe5 30. Re3 Rxe3 31. Rxe3 Bg7 32. Bb3 d4 33. Rd3 Qe7 34. Qd1 dxc3 35. bxc3 Rc8 36. Bd6 Qf6 37. Rf3 Qg5 38. Bxf7+ Kh8 39. Bxf8 Rxf8 40. Rh3+ Bh6 41. Qd4+ Kh7 42. Bb3 Re8 43. Re3 Rxe3 44. Qxe3 Qxe3 45. fxe3 Bxe3+ 46. Kf1 Bd2 1/2-1/2

[Event "GER-chT Seniors 18th"]
[Site "Finsterbergen"]
[Date "2009.09.14"]
[Round "3"]
[White "Wimmer, Herbert"]
[Black "Nuenchert, Eveline"]
[Result "1-0"]
[WhiteElo "2186"]
[BlackElo "2119"]
[PlyCount "67"]
[EventDate "2009.09.12"]
[EventType "team-swiss"]
[EventRounds "7"]
[EventCountry "GER"]
[SourceTitle "CBM 132 Extra"]
[Source "ChessBase"]
[SourceDate "2009.11.03"]
[SourceVersion "1"]
[SourceVersionDate "2009.11.03"]
[SourceQuality "1"]

1. d4 Nf6 2. c4 c5 3. Nf3 g6 4. Nc3 Bg7 5. e4 cxd4 6. Nxd4 d6 7. Be2 0-0 8. Be3 Nc6 9. 0-0 Bd7 10. Qd2 a6 11. f3 Rb8 12. a4 Rc8 13. Rab1 Nxd4 14. Bxd4 Be6 15. b3 Nd7 16. Bxg7 Kxg7 17. f4 f5 18. Bf3 Qb6+ 19. Kh1 fxe4 20. Bxe4 Nf6 21. Bc2 Rf7 22. f5 gxf5 23. Bxf5 Bxf5 24. Rxf5 Rcf8 25. a5 Qa7 26. Rbf1 Kh8 27. Nd5 b5 28. axb6 Qb7 29. Qc3 Rg7 30. Qf3 Rfg8 31. Nxf6 Qxf3 32. R5xf3 exf6 33. Rxf6 Rxg2 34. Rf8 1-0

[Event "GER-chT Seniors 18th"]
[Site "Finsterbergen"]
[Date "2009.09.12"]
[Round "1"]
[White "Wimmer, Herbert"]
[Black "Just, Joachim"]
[Result "1-0"]
[WhiteElo "2186"]
[BlackElo "2055"]
[PlyCount "119"]
[EventDate "2009.09.12"]
[EventType "team-swiss"]
[EventRounds "7"]
[EventCountry "GER"]
[SourceTitle "CBM 132 Extra"]
[Source "ChessBase"]
[SourceDate "2009.11.03"]
[SourceVersion "1"]
[SourceVersionDate "2009.11.03"]
[SourceQuality "1"]

1. d4 d5 2. Nf3 c6 3. c4 Nf6 4. cxd5 cxd5 5. Nc3 Nc6 6. Bf4 g6 7. e3 Bg7 8. Qb3 0-0 9. Bd3 Qa5 10. 0-0 Qb4 11. Nxd5 Nxd5 12. Qxd5 Qxb2 13. Rab1 Qa3 14. Qb3 Qxb3 15. Rxb3 Rd8 16. Be4 f5 17. Bd3 e6 18. Rc1 h6 19. h4 Kh7 20. Bc7 Rd7 21. Bg3 Rf7 22. Ne5 Nxe5 23. Bxe5 b6 24. Rbc3 Bxe5 25. Rxc8 Rxc8 26. Rxc8 Rc7 27. Re8 Bf6 28. Rxe6 Bxh4 29. g3 Bg5 30. Bb5 Kg7 31. a4 h5 32. Kg2 h4 33. Be8 Bf6 34. gxh4 Re7 35. Rxe7+ Bxe7 36. h5 gxh5 37. Bxh5 Kf6 38. Kf3 Bb4 39. Ke2 Ke6 40. Kd3 a6 41. f3 Be7 42. Be8 Bd8 43. Kc4 Ke7 44. Bg6 Kf6 45. Be8 Ke7 46. Bg6 Kf6 47. Bh7 Ke6 48. Bg8+ Kd6 49. e4 fxe4 50. fxe4 Bh4 51. e5+ Kc7 52. Bf7 Bg3 53. Bh5 Bh2 54. Be2 Kc6 55. d5+ Kc7 56. d6+ Kc6 57. Bf3+ Kd7 58. Kd5 b5 59. e6+ Kd8 60. e7+ 1-0

[Event "Bayern-ch Seniors 21st"]
[Site "Bergen"]
[Date "2009.06.25"]
[Round "6"]
[White "Wimmer, Herbert"]
[Black "Pidtoptanyy, Igor"]
[Result "1-0"]
[WhiteElo "2096"]
[BlackElo "1914"]
[PlyCount "53"]
[EventDate "2009.06.20"]
[EventType "swiss"]
[EventRounds "9"]
[EventCountry "GER"]
[SourceTitle "EXT 2015"]
[Source "ChessBase"]
[SourceDate "2014.11.20"]
[SourceVersion "1"]
[SourceVersionDate "2014.11.20"]
[SourceQuality "1"]

1. d4 Nf6 2. Nf3 d5 3. c4 c6 4. cxd5 cxd5 5. Nc3 Nc6 6. Bf4 e6 7. e3 Bb4 8. Bd3 0-0 9. 0-0 Nh5 10. Bg5 Be7 11. Bxe7 Qxe7 12. Ne5 Nf6 13. f4 Nxe5 14. fxe5 Ne8 15. Qh5 h6 16. Rf3 Qg5 17. Qh3 h5 18. Rg3 Qh6 19. Rf1 f5 20. exf6 e5 21. Qh4 e4 22. f7+ Rxf7 23. Rxf7 Kxf7 24. Nxd5 g5 25. Qxe4 Be6 26. Rf3+ Kg7 27. Qe5+ 1-0

[Event "Bayern-ch Seniors 21st"]
[Site "Bergen"]
[Date "2009.06.22"]
[Round "3"]
[White "Kahn, Peter"]
[Black "Wimmer, Herbert"]
[Result "1/2-1/2"]
[WhiteElo "1915"]
[BlackElo "2096"]
[PlyCount "57"]
[EventDate "2009.06.20"]
[EventType "swiss"]
[EventRounds "9"]
[EventCountry "GER"]
[SourceTitle "EXT 2015"]
[Source "ChessBase"]
[SourceDate "2014.11.20"]
[SourceVersion "1"]
[SourceVersionDate "2014.11.20"]
[SourceQuality "1"]

1. d4 Nf6 2. Nf3 b6 3. Bf4 e6 4. e3 Bb7 5. Nbd2 d5 6. Bd3 c5 7. c3 Nc6 8. Ne5 Bd6 9. Nxc6 Bxc6 10. Qf3 cxd4 11. exd4 Qc7 12. Bxd6 Qxd6 13. 0-0 0-0 14. Rfe1 Rfe8 15. Qe2 Nd7 16. Nf3 f6 17. Qc2 Nf8 18. Re3 e5 19. dxe5 fxe5 20. Rd1 Qf6 21. Qb3 Kh8 22. Bb5 Bxb5 23. Qxb5 e4 24. Nd4 Red8 25. Qc6 Qf7 26. Qb5 Qb7 27. Qe2 Ng6 28. f3 Nf4 29. Qe1 1/2-1/2

[Event "Bayern-ch Seniors 21st"]
[Site "Bergen"]
[Date "2009.06.20"]
[Round "1"]
[White "Wolfram, Gisbert"]
[Black "Wimmer, Herbert"]
[Result "0-1"]
[WhiteElo "1646"]
[BlackElo "2096"]
[PlyCount "68"]
[EventDate "2009.06.20"]
[EventType "swiss"]
[EventRounds "9"]
[EventCountry "GER"]
[SourceTitle "EXT 2015"]
[Source "ChessBase"]
[SourceDate "2014.11.20"]
[SourceVersion "1"]
[SourceVersionDate "2014.11.20"]
[SourceQuality "1"]

1. Nf3 Nf6 2. g3 b6 3. Bg2 Bb7 4. d3 d5 5. Nbd2 Nbd7 6. 0-0 e5 7. b3 Bd6 8. Bb2 0-0 9. Re1 e4 10. dxe4 dxe4 11. Nd4 Re8 12. e3 Ne5 13. Qe2 Qc8 14. a3 a6 15. Nc4 Nxc4 16. Qxc4 c5 17. Ne2 b5 18. Qc3 Be5 19. Qxe5 Rxe5 20. Bxe5 Ng4 21. Bb2 Qf5 22. Nf4 g5 23. Nh3 Ne5 24. Red1 Nf3+ 25. Kh1 c4 26. Rd6 Qc5 27. Rad1 c3 28. Bc1 Qf5 29. Rd7 Rb8 30. Ng1 Ne5 31. R7d6 Qxf2 32. Nh3 Qxc2 33. b4 h6 34. Rf6 Kg7 0-1

[Event "Oberliga Bayern 0809"]
[Site "Bayern"]
[Date "2009.01.18"]
[Round "5.7"]
[White "Jahrsdoerfer, Gerd"]
[Black "Wimmer, Herbert"]
[Result "1-0"]
[WhiteElo "2124"]
[BlackElo "2069"]
[PlyCount "89"]
[EventDate "2008.10.05"]
[EventType "team-tourn"]
[EventRounds "9"]
[EventCountry "GER"]
[SourceTitle "EXT 2020"]
[Source "ChessBase"]
[SourceDate "2019.10.17"]
[SourceVersion "1"]
[SourceVersionDate "2019.10.17"]
[SourceQuality "1"]
[WhiteTeam "Koenigshofen"]
[BlackTeam "Pang/Rosenheim"]
[WhiteTeamCountry "GER"]
[BlackTeamCountry "GER"]

1. e4 d5 2. exd5 Qxd5 3. Nc3 Qa5 4. Bc4 c6 5. d3 Bf5 6. g4 Bg6 7. f4 e6 8. Qf3 h5 9. h3 hxg4 10. hxg4 Rxh1 11. Qxh1 Nf6 12. Qf3 Nbd7 13. Bd2 Qc7 14. 0-0-0 0-0-0 15. Nge2 b5 16. Bb3 Nc5 17. Rh1 b4 18. Na4 Rxd3 19. cxd3 Nxd3+ 20. Kd1 Be4 21. Qg3 Bxh1 22. Qxd3 Nxg4 23. Qg3 Nh6 24. Qe1 Bf3 25. Bxb4 c5 26. Bd2 Nf5 27. Kc1 Bd6 28. Nac3 Nd4 29. Kb1 Nxb3 30. axb3 Qb7 31. Kc2 Be4+ 32. Nxe4 Qxe4+ 33. Kc1 Qd5 34. Qd1 Qd3 35. Bc3 Qxd1+ 36. Kxd1 f6 37. Kd2 Kd7 38. Ke3 Ke7 39. Kf3 Kf7 40. Ng3 Ke7 41. Ne4 Bc7 42. Nxc5 g5 43. fxg5 fxg5 44. Ne4 g4+ 45. Kxg4 1-0

[Event "Oberliga Bayern 0708"]
[Site "Bayern"]
[Date "2007.12.09"]
[Round "4.6"]
[White "Mueller, Marcus2222"]
[Black "Wimmer, Herbert"]
[Result "1-0"]
[WhiteElo "2112"]
[BlackElo "2059"]
[PlyCount "107"]
[EventDate "2007.10.21"]
[EventType "team-tourn"]
[EventRounds "9"]
[EventCountry "GER"]
[SourceTitle "EXT 2009"]
[Source "ChessBase"]
[SourceDate "2008.11.26"]
[SourceVersion "1"]
[SourceVersionDate "2008.11.26"]
[SourceQuality "1"]
[WhiteTeam "Zirndorf"]
[BlackTeam "Pang/Rosenheim"]
[WhiteTeamCountry "GER"]
[BlackTeamCountry "GER"]

1. d4 Nf6 2. Nf3 e6 3. g3 d5 4. Bg2 b5 5. 0-0 a5 6. b3 a4 7. Bb2 axb3 8. axb3 Rxa1 9. Bxa1 b4 10. Nbd2 Ba6 11. Ne5 Bb5 12. Re1 Be7 13. c4 bxc3 14. Bxc3 Na6 15. Qa1 0-0 16. Qa5 Qb8 17. e3 Qb7 18. Ra1 c6 19. Qa2 Nb4 20. Qa7 Qxa7 21. Rxa7 Bd6 22. f3 Nd3 23. Nxd3 Bxd3 24. Bf1 Bb5 25. e4 dxe4 26. fxe4 e5 27. Bxb5 cxb5 28. Rb7 exd4 29. Bxd4 Rb8 30. Rxb8+ Bxb8 31. Bxf6 gxf6 32. Kf2 Kf8 33. Nb1 Be5 34. Na3 b4 35. Nc2 Bd6 36. Ke3 Ke7 37. Kd4 Ke6 38. Ne3 Be5+ 39. Kc4 Bd6 40. Nf5 Bb8 41. Nd4+ Kd7 42. Kxb4 Be5 43. Kc5 Bd6+ 44. Kd5 Bb4 45. Nf5 Bf8 46. g4 Ba3 47. Nh6 Bc1 48. Nxf7 Bf4 49. e5 Ke7 50. e6 Bxh2 51. Nh6 Kf8 52. Nf5 Ke8 53. b4 Kd8 54. Kc6 1-0

[Event "GER-chT Seniors 16th"]
[Site "Halle"]
[Date "2007.09.17"]
[Round "5.3"]
[White "Neukirch, Detlef"]
[Black "Wimmer, Herbert"]
[Result "1-0"]
[WhiteElo "2278"]
[BlackElo "2211"]
[PlyCount "55"]
[EventDate "2007.09.13"]
[EventType "team"]
[EventRounds "7"]
[EventCountry "GER"]
[SourceTitle "EXT 2008"]
[Source "ChessBase"]
[SourceDate "2007.11.25"]
[SourceVersion "1"]
[SourceVersionDate "2007.11.25"]
[SourceQuality "1"]

1. e4 d5 2. exd5 Qxd5 3. Nc3 Qa5 4. d4 c6 5. Bc4 Bf5 6. Nf3 e6 7. Bd2 Qc7 8. Qe2 Nf6 9. 0-0-0 b5 10. Bd3 Bxd3 11. Qxd3 Nbd7 12. Ne4 Be7 13. Kb1 Nxe4 14. Qxe4 Nf6 15. Qe1 0-0 16. Ne5 c5 17. dxc5 Qxc5 18. f4 Rac8 19. Rc1 Rfd8 20. g4 Nd5 21. Qe4 b4 22. c4 bxc3 23. Bxc3 Qf2 24. Ba5 Rxc1+ 25. Rxc1 Rb8 26. Nd3 Bf6 27. Rc8+ Rxc8 28. Nxf2 1-0

[Event "Landesliga Sued 0607"]
[Site "Bayern"]
[Date "2007.04.01"]
[Round "8.7"]
[White "Schroeder, Frank"]
[Black "Wimmer, Herbert"]
[Result "0-1"]
[WhiteElo "1931"]
[BlackElo "2107"]
[PlyCount "62"]
[EventDate "2006.10.15"]
[EventType "team-tourn"]
[EventRounds "9"]
[EventCountry "GER"]
[SourceTitle "EXT 2008"]
[Source "ChessBase"]
[SourceDate "2007.11.25"]
[SourceVersion "1"]
[SourceVersionDate "2007.11.25"]
[SourceQuality "1"]
[WhiteTeam "Ingolstadt"]
[BlackTeam "Pang/Rosenheim"]
[WhiteTeamCountry "GER"]
[BlackTeamCountry "GER"]

1. d4 Nf6 2. c4 c6 3. Nf3 d5 4. cxd5 cxd5 5. Bf4 Nc6 6. e3 a6 7. Bd3 e6 8. a3 Be7 9. 0-0 Nh5 10. Be5 Nxe5 11. Nxe5 Nf6 12. Nc3 Nd7 13. Qg4 Nxe5 14. dxe5 g6 15. Rac1 Bd7 16. Ne2 0-0 17. Nd4 f5 18. exf6 Rxf6 19. Qg3 Rc8 20. e4 Qb6 21. Rxc8+ Bxc8 22. e5 Rf7 23. Nf3 Qxb2 24. Ng5 Bxg5 25. Qxg5 Qxa3 26. Rc1 Bd7 27. Bb1 Qb2 28. f3 Qd4+ 29. Kh1 Qf4 30. Qxf4 Rxf4 31. Rc7 Rc4 0-1

[Event "Landesliga Sued 0607"]
[Site "Bayern"]
[Date "2007.02.04"]
[Round "5.7"]
[White "Wimmer, Herbert"]
[Black "Schechter, Dimitriy"]
[Result "1/2-1/2"]
[WhiteElo "2107"]
[BlackElo "2064"]
[PlyCount "84"]
[EventDate "2006.10.15"]
[EventType "team-tourn"]
[EventRounds "9"]
[EventCountry "GER"]
[SourceTitle "EXT 2008"]
[Source "ChessBase"]
[SourceDate "2007.11.25"]
[SourceVersion "1"]
[SourceVersionDate "2007.11.25"]
[SourceQuality "1"]
[WhiteTeam "Pang/Rosenheim"]
[BlackTeam "Kriegshaber"]
[WhiteTeamCountry "GER"]
[BlackTeamCountry "GER"]

1. d4 d5 2. c4 e6 3. Nc3 Be7 4. Nf3 Nf6 5. Bg5 h6 6. Bxf6 Bxf6 7. e3 c6 8. Qc2 Nd7 9. cxd5 exd5 10. Bd3 a5 11. 0-0 0-0 12. Rad1 Be7 13. Rfe1 Bd6 14. e4 dxe4 15. Nxe4 Bc7 16. Ng3 Nf6 17. Ne5 Be6 18. Nf5 Nd5 19. a3 Qg5 20. h4 Qd8 21. g3 Nf6 22. Qd2 Bxf5 23. Bxf5 a4 24. Qd3 Qd6 25. Qc4 Qd5 26. Qxd5 Nxd5 27. Rc1 g6 28. Bg4 Nf6 29. Bd1 Rfe8 30. Rc4 Ba5 31. Rf1 Ne4 32. Nf3 g5 33. hxg5 hxg5 34. Bc2 g4 35. Bxe4 Rxe4 36. Ne5 Re2 37. Rb1 f5 38. Nd3 Rd8 39. Rxa4 Bb6 40. Nc5 Bxc5 41. dxc5 Rdd2 42. Rf4 Re5 1/2-1/2

[Event "Landesliga Sued 0607"]
[Site "Bayern"]
[Date "2006.10.15"]
[Round "1.7"]
[White "Pappenheim, Rainer"]
[Black "Wimmer, Herbert"]
[Result "1/2-1/2"]
[WhiteElo "1974"]
[BlackElo "2093"]
[PlyCount "59"]
[EventDate "2006.10.15"]
[EventType "team-tourn"]
[EventRounds "9"]
[EventCountry "GER"]
[SourceTitle "EXT 2008"]
[Source "ChessBase"]
[SourceDate "2007.11.25"]
[SourceVersion "1"]
[SourceVersionDate "2007.11.25"]
[SourceQuality "1"]
[WhiteTeam "Starnberg"]
[BlackTeam "Pang/Rosenheim"]
[WhiteTeamCountry "GER"]
[BlackTeamCountry "GER"]

1. e4 e5 2. Nf3 d6 3. d4 Nd7 4. Bc4 c6 5. 0-0 Be7 6. a4 Ngf6 7. Re1 0-0 8. Nc3 b6 9. Qd3 a6 10. Bg5 h6 11. Bh4 Qc7 12. Nd1 d5 13. exd5 cxd5 14. Bb3 e4 15. Qc3 Qxc3 16. Nxc3 Bb7 17. Ne5 Bb4 18. Nxd7 Nxd7 19. Re3 Bxc3 20. Rxc3 Rac8 21. Rxc8 Rxc8 22. Kf1 Nf8 23. c3 g5 24. Bg3 f5 25. Bd6 Ne6 26. g3 Kf7 27. Ke2 g4 28. Ke3 Ng5 29. Bf4 Kg6 30. Rc1 1/2-1/2

[Event "GER-chT Seniors 15th"]
[Site "Bad Blankenburg"]
[Date "2006.09.08"]
[Round "6.4"]
[White "Wimmer, Herbert"]
[Black "Delander, Adolf"]
[Result "1/2-1/2"]
[WhiteElo "2223"]
[BlackElo "2102"]
[PlyCount "38"]
[EventDate "2006.09.03"]
[EventType "team-swiss"]
[EventRounds "7"]
[EventCountry "GER"]
[SourceTitle "CBM 114 Extra"]
[Source "ChessBase"]
[SourceDate "2006.11.03"]
[SourceVersion "1"]
[SourceVersionDate "2006.11.03"]
[SourceQuality "1"]

1. e4 c6 2. Nc3 d5 3. d4 dxe4 4. Nxe4 Nf6 5. Nxf6+ exf6 6. c3 Bd6 7. Bd3 0-0 8. Qc2 Re8+ 9. Ne2 g6 10. h4 Be6 11. h5 f5 12. hxg6 fxg6 13. Bh6 Bf8 14. Bxf8 Rxf8 15. Nf4 Bf7 16. 0-0-0 Qg5 17. g3 Nd7 18. Kb1 Rfe8 19. Rh4 Nf8 1/2-1/2

[Event "GER-chT Seniors 15th"]
[Site "Bad Blankenburg"]
[Date "2006.09.05"]
[Round "3.4"]
[White "Niebling, Ferdinand"]
[Black "Wimmer, Herbert"]
[Result "1/2-1/2"]
[WhiteElo "2201"]
[BlackElo "2223"]
[PlyCount "39"]
[EventDate "2006.09.03"]
[EventType "team-swiss"]
[EventRounds "7"]
[EventCountry "GER"]
[SourceTitle "CBM 114 Extra"]
[Source "ChessBase"]
[SourceDate "2006.11.03"]
[SourceVersion "1"]
[SourceVersionDate "2006.11.03"]
[SourceQuality "1"]

1. e4 e6 2. d4 d5 3. Nd2 Be7 4. Bd3 c5 5. dxc5 Nc6 6. Ngf3 Nf6 7. 0-0 Bxc5 8. exd5 Qxd5 9. Nb3 Be7 10. Qe2 0-0 11. Bg5 h6 12. c4 Qd8 13. Bh4 Qe8 14. Rad1 b6 15. Bg3 Bb7 16. Rfe1 Rd8 17. a3 Nh5 18. Be4 Nxg3 19. hxg3 Rxd1 20. Rxd1 1/2-1/2

[Event "GER-chT Seniors 15th"]
[Site "Bad Blankenburg"]
[Date "2006.09.04"]
[Round "2.4"]
[White "Wimmer, Herbert"]
[Black "Krueger, Erich"]
[Result "1/2-1/2"]
[WhiteElo "2223"]
[BlackElo "2206"]
[PlyCount "57"]
[EventDate "2006.09.03"]
[EventType "team-swiss"]
[EventRounds "7"]
[EventCountry "GER"]
[SourceTitle "CBM 114 Extra"]
[Source "ChessBase"]
[SourceDate "2006.11.03"]
[SourceVersion "1"]
[SourceVersionDate "2006.11.03"]
[SourceQuality "1"]

1. e4 c6 2. Nc3 d5 3. d4 dxe4 4. Nxe4 Bf5 5. Ng3 Bg6 6. Bc4 e6 7. N1e2 Nd7 8. 0-0 Nb6 9. Bb3 Nf6 10. Nf4 Bd6 11. c4 c5 12. dxc5 Bxc5 13. Qf3 Qc7 14. Nxg6 hxg6 15. Bf4 Qc6 16. Qxc6+ bxc6 17. Rad1 Rd8 18. Bc7 Rxd1 19. Rxd1 Ke7 20. a3 Rc8 21. Bxb6 axb6 22. Ba4 Bd6 23. f3 Rd8 24. Kf1 c5 25. Bc6 Rh8 26. Kg1 Be5 27. b3 Bd4+ 28. Kh1 Be5 29. Kg1 1/2-1/2

[Event "Bayern-ch Seniors 18th"]
[Site "Schloss Schney"]
[Date "2006.07.02"]
[Round "8"]
[White "Wimmer, Herbert"]
[Black "Hein, Manfred"]
[Result "1-0"]
[WhiteElo "2114"]
[BlackElo "2021"]
[PlyCount "77"]
[EventDate "2006.06.25"]
[EventType "swiss"]
[EventRounds "9"]
[EventCountry "GER"]
[SourceTitle "EXT 2007"]
[Source "ChessBase"]
[SourceDate "2006.11.23"]
[SourceVersion "1"]
[SourceVersionDate "2006.11.23"]
[SourceQuality "1"]

1. d4 d5 2. c4 e6 3. Nc3 Nf6 4. Bg5 Be7 5. e3 h6 6. Bh4 c6 7. cxd5 exd5 8. Qc2 Ne4 9. Bxe7 Qxe7 10. Nxd5 cxd5 11. Qxc8+ Qd8 12. Bb5+ Nc6 13. Bxc6+ bxc6 14. Qxc6+ Kf8 15. Qa4 Qb6 16. Qa3+ Kg8 17. Nf3 Kh7 18. 0-0 Rab8 19. b3 f6 20. Rac1 Rhc8 21. Qb2 g5 22. Rxc8 Rxc8 23. Rc1 Rc6 24. Nd2 Nd6 25. Rc3 Kg7 26. Qc2 Rxc3 27. Qxc3 Qa6 28. a4 Qe2 29. Qc7+ Kg6 30. Qxd6 Qxd2 31. g3 Qd1+ 32. Kg2 Qxb3 33. Qf8 g4 34. Qg8+ Kf5 35. Qc8+ Kg5 36. h4+ gxh3+ 37. Kxh3 f5 38. Qe6 Qb1 39. f4+ 1-0

[Event "Bad Wiessee Seniors op 1st"]
[Site "Bad Wiessee"]
[Date "2006.04.20"]
[Round "3"]
[White "Meinhardt, Guenther"]
[Black "Wimmer, Herbert"]
[Result "0-1"]
[WhiteElo "1968"]
[BlackElo "2234"]
[PlyCount "78"]
[EventDate "2006.04.18"]
[EventType "swiss"]
[EventRounds "7"]
[EventCountry "GER"]
[SourceTitle "EXT 2007"]
[Source "ChessBase"]
[SourceDate "2006.11.23"]
[SourceVersion "1"]
[SourceVersionDate "2006.11.23"]
[SourceQuality "1"]

1. d4 Nf6 2. Nf3 b6 3. c4 e6 4. a3 d5 5. cxd5 exd5 6. Nc3 Be7 7. Bf4 0-0 8. Nb5 c6 9. Bc7 Qe8 10. Nd6 Qd7 11. Nxc8 Rxc8 12. Bxb8 Raxb8 13. e3 c5 14. Be2 c4 15. 0-0 b5 16. Ne5 Qc7 17. Bh5 g6 18. Bg4 Nxg4 19. Qxg4 Qd6 20. Qg3 f6 21. Nf3 a5 22. Qg4 Rc6 23. e4 dxe4 24. Qxe4 Bf8 25. Rfe1 Rd8 26. Rad1 Qd5 27. h4 c3 28. Qxd5+ Rxd5 29. bxc3 Rxc3 30. Re3 Rxa3 31. Rc1 Rxe3 32. fxe3 b4 33. e4 Rb5 34. d5 b3 35. Rd1 b2 36. Nd2 a4 37. Nb1 a3 38. d6 Bxd6 39. Rxd6 a2 0-1

[Event "Chiemgau Seniors Cup 1st"]
[Site "Bergen"]
[Date "2005.10.17"]
[Round "7"]
[White "Wimmer, Herbert"]
[Black "Sielaff, Rudolf"]
[Result "1/2-1/2"]
[WhiteElo "2242"]
[BlackElo "2127"]
[PlyCount "83"]
[EventDate "2005.10.11"]
[EventType "swiss"]
[EventRounds "9"]
[EventCountry "GER"]
[SourceTitle "EXT 2007"]
[Source "ChessBase"]
[SourceDate "2006.11.23"]
[SourceVersion "1"]
[SourceVersionDate "2006.11.23"]
[SourceQuality "1"]

1. e4 d6 2. Bc4 Nf6 3. Nc3 g6 4. d4 Bg7 5. f3 c6 6. Bb3 Qc7 7. Be3 a6 8. a4 Nbd7 9. Qd2 c5 10. Nge2 cxd4 11. Nxd4 h5 12. 0-0 Nc5 13. Ba2 Bd7 14. a5 Rc8 15. b4 Ne6 16. Nd5 Nxd5 17. exd5 Nxd4 18. Bxd4 Qxc2 19. Rf2 Qxd2 20. Rxd2 Bxd4+ 21. Rxd4 f5 22. Bc4 Kf7 23. Rb1 Rc7 24. b5 Rhc8 25. bxa6 bxa6 26. Bxa6 Ra8 27. Rb6 Rca7 28. Bb7 Rb8 29. a6 Ke8 30. Rdb4 Kd8 31. Bc6 Rxb6 32. Rxb6 Kc7 33. Rb7+ Rxb7 34. Bxb7 g5 35. Kf2 f4 36. g3 fxg3+ 37. Kxg3 h4+ 38. Kf2 Kb6 39. Ke3 Bf5 40. Kd4 Ka7 41. Ke3 Kb6 42. Kd4 1/2-1/2